Nonlinear differential equations and dynamical systems
Αποθηκεύτηκε σε:
| Κύριος συγγραφέας: | |
|---|---|
| Μορφή: | Βιβλίο |
| Γλώσσα: | English |
| Δημοσίευση: |
Berlin ; New York :
Springer-Verlag,
c1996
|
| Έκδοση: | 2nd ed. |
| Σειρά: | Universitext
|
| Θέματα: | |
| Ετικέτες: |
Προσθήκη ετικέτας
Δεν υπάρχουν, Καταχωρήστε ετικέτα πρώτοι!
|
MARC
| LEADER | 00000nam a2200000 i 4500 | ||
|---|---|---|---|
| 001 | 1/76392 | ||
| 008 | 990401s1996 eng d | ||
| 020 | |a 3-540-60934-2 | ||
| 035 | |l 10049590 | ||
| 040 | |a GR-MY-UA |b gre |e aacr | ||
| 041 | 0 | |a eng | |
| 082 | 0 | |a 515.355 | |
| 100 | 1 | |a Verhulst, Ferdinand |d 1939- | |
| 245 | 1 | 0 | |a Nonlinear differential equations and dynamical systems / |c Ferdinand Verhulst |
| 250 | |a 2nd ed. | ||
| 260 | |a Berlin ; New York : |b Springer-Verlag, |c c1996 | ||
| 300 | |a x, 303 p.; |b ill.; |c 25 cm. | ||
| 490 | 1 | |a Universitext | |
| 500 | |a Includes bibliographical references and index | ||
| 650 | 0 | 0 | |a Differential equations, Nonlinear. |
| 650 | 0 | 0 | |a Differentiable dynamical systems. |
| 830 | 0 | |a Universitext | |
| 852 | |a INST |b SAMOS |e 19990401 |h 515.355 VER |p 005300014755 |q 005300014755 |t BK |y 0 | ||
| 901 | |a BIBL-1999-1 | ||
| 909 | |a Σ |b 064638 | ||
| 922 | |a 3ΕΛΗ |b 199902 |c ΚΠΣ |d GLORY | ||
| 950 | |a 116-1998-08-10 | ||